<?xml version="1.0" encoding="UTF-8"?>
<record
    xmlns:xsi="http://www.w3.org/2001/XMLSchema-instance"
    xsi:schemaLocation="http://www.loc.gov/MARC21/slim http://www.loc.gov/standards/marcxml/schema/MARC21slim.xsd"
    xmlns="http://www.loc.gov/MARC21/slim">

  <leader>01269nam a22002537a 4500</leader>
  <controlfield tag="005">20170124103144.0</controlfield>
  <datafield tag="010" ind1=" " ind2=" ">
    <subfield code="a">B-104393</subfield>
  </datafield>
  <datafield tag="020" ind1=" " ind2=" ">
    <subfield code="c">450.00</subfield>
    <subfield code="a">8178666081</subfield>
  </datafield>
  <datafield tag="035" ind1=" " ind2=" ">
    <subfield code="a">B-104393</subfield>
  </datafield>
  <datafield tag="037" ind1=" " ind2=" ">
    <subfield code="b">Cen Lib/Ret</subfield>
  </datafield>
  <datafield tag="040" ind1=" " ind2=" ">
    <subfield code="a">DPL</subfield>
    <subfield code="b">HN</subfield>
  </datafield>
  <datafield tag="082" ind1=" " ind2=" ">
    <subfield code="a">332.7</subfield>
    <subfield code="b">&#x915;&#x928;&#x94D;&#x939;&#x948;&#x92F;&#x93E; </subfield>
  </datafield>
  <datafield tag="100" ind1=" " ind2=" ">
    <subfield code="a">&#x915;&#x928;&#x94D;&#x939;&#x948;&#x92F;&#x93E; &#x938;&#x93F;&#x902;&#x939; </subfield>
    <subfield code="9">85695</subfield>
  </datafield>
  <datafield tag="245" ind1=" " ind2=" ">
    <subfield code="a">&#x938;&#x93E;&#x916; &#x928;&#x940;&#x924;&#x93F; :</subfield>
    <subfield code="c">&#x915;&#x928;&#x94D;&#x939;&#x948;&#x92F;&#x93E; &#x938;&#x93F;&#x902;&#x939; </subfield>
    <subfield code="b">&#x917;&#x94D;&#x930;&#x93E;&#x92E;&#x940;&#x923; &#x935; &#x914;&#x926;&#x94D;&#x92F;&#x94B;&#x917;&#x93F;&#x915; /</subfield>
  </datafield>
  <datafield tag="246" ind1=" " ind2=" ">
    <subfield code="a">Saakh niti : gramaeen v audyogik /</subfield>
    <subfield code="b">by Kanhaiya Singh </subfield>
  </datafield>
  <datafield tag="260" ind1=" " ind2=" ">
    <subfield code="b">&#x939;&#x93F;&#x92E;&#x93E;&#x932;&#x92F;&#x93E; &#x92A;&#x92C;&#x94D;&#x932;&#x93F;&#x936;&#x93F;&#x902;&#x917; &#x939;&#x93E;&#x909;&#x938; </subfield>
    <subfield code="c">2003</subfield>
    <subfield code="a">&#x92E;&#x941;&#x902;&#x92C;&#x908; </subfield>
  </datafield>
  <datafield tag="270" ind1=" " ind2=" ">
    <subfield code="a"> "&#x930;&#x93E;&#x92E;&#x926;&#x942;&#x924;" &#x921;&#x949;.&#x92D;&#x93E;&#x932;&#x947;&#x930;&#x93E;&#x935; &#x92E;&#x93E;&#x930;&#x94D;&#x917;, &#x917;&#x93F;&#x930;&#x917;&#x93E;&#x902;&#x935;</subfield>
    <subfield code="b">&#x92E;&#x941;&#x902;&#x92C;&#x908; </subfield>
    <subfield code="e">400 004</subfield>
  </datafield>
  <datafield tag="300" ind1=" " ind2=" ">
    <subfield code="a">187&#x92A;&#x943;. </subfield>
    <subfield code="c">21&#x938;&#x947;&#x92E;&#x940;(&#x938;&#x91C;&#x93F;&#x932;&#x94D;&#x926;)</subfield>
  </datafield>
  <datafield tag="650" ind1=" " ind2=" ">
    <subfield code="a">&#x917;&#x94D;&#x930;&#x93E;&#x92E;&#x940;&#x923; &#x938;&#x93E;&#x916; -- &#x936;&#x940;&#x930;&#x94D;&#x937; &#x938;&#x902;&#x938;&#x94D;&#x925;&#x93E;&#x913;&#x902; &#x915;&#x93E; &#x92E;&#x939;&#x924;&#x94D;&#x935;</subfield>
    <subfield code="9">85696</subfield>
  </datafield>
  <datafield tag="650" ind1=" " ind2=" ">
    <subfield code="a">&#x914;&#x926;&#x94D;&#x92F;&#x94B;&#x917;&#x93F;&#x915; &#x935;&#x93F;&#x924;&#x94D;&#x924; &#x915;&#x940; &#x92A;&#x94D;&#x930;&#x917;&#x924;&#x93F; -- &#x92D;&#x93E;&#x930;&#x924; </subfield>
    <subfield code="9">85697</subfield>
  </datafield>
  <datafield tag="650" ind1=" " ind2=" ">
    <subfield code="a">Rural credit - the importance of top institutions</subfield>
    <subfield code="9">85698</subfield>
  </datafield>
  <datafield tag="650" ind1=" " ind2=" ">
    <subfield code="a">Industrial Finance progress - India</subfield>
    <subfield code="9">85699</subfield>
  </datafield>
  <datafield tag="942" ind1=" " ind2=" ">
    <subfield code="2">ddc</subfield>
    <subfield code="c">HN</subfield>
    <subfield code="h">332.7</subfield>
    <subfield code="m">&#x915;&#x928;&#x94D;&#x939;&#x948;&#x92F;&#x93E; </subfield>
  </datafield>
  <datafield tag="999" ind1=" " ind2=" ">
    <subfield code="c">119584</subfield>
    <subfield code="d">119584</subfield>
  </datafield>
  <datafield tag="952" ind1=" " ind2=" ">
    <subfield code="0">0</subfield>
    <subfield code="1">0</subfield>
    <subfield code="4">0</subfield>
    <subfield code="7">0</subfield>
    <subfield code="a">L</subfield>
    <subfield code="b">L</subfield>
    <subfield code="d">2015-09-17</subfield>
    <subfield code="e">Cen Lib/Ret</subfield>
    <subfield code="g">450.00</subfield>
    <subfield code="l">0</subfield>
    <subfield code="o">332.7 &#x915;&#x928;&#x94D;&#x939;&#x948;&#x92F;&#x93E;</subfield>
    <subfield code="p">B-104393</subfield>
    <subfield code="r">2015-09-17 00:00:00</subfield>
    <subfield code="t">1</subfield>
    <subfield code="v">450.00</subfield>
    <subfield code="w">2015-09-17</subfield>
    <subfield code="y">HN</subfield>
  </datafield>
</record>
